<?xml version="1.0" encoding="UTF-8"?>
<collection xmlns="http://www.loc.gov/MARC21/slim">
    <record>
        <controlfield tag="001">61839</controlfield>
        <controlfield tag="005">20170713115235.0</controlfield>
        <datafield tag="024" ind1="8" ind2=" ">
            <subfield code="2">sideral</subfield>
            <subfield code="a">100358</subfield>
        </datafield>
        <datafield tag="037" ind1=" " ind2=" ">
            <subfield code="a">ART-2016-100358</subfield>
        </datafield>
        <datafield tag="041" ind1=" " ind2=" ">
            <subfield code="a">spa</subfield>
        </datafield>
        <datafield tag="100" ind1=" " ind2=" ">
            <subfield code="0">(orcid)0000-0001-7723-2238</subfield>
            <subfield code="a">Tarifa Castilla, María Josefa</subfield>
            <subfield code="u">Universidad de Zaragoza</subfield>
        </datafield>
        <datafield tag="245" ind1=" " ind2=" ">
            <subfield code="a">La capilla de San Dionís de la catedral de Tudela y su exorno artístico</subfield>
        </datafield>
        <datafield tag="260" ind1=" " ind2=" ">
            <subfield code="c">2016</subfield>
        </datafield>
        <datafield tag="506" ind1="0" ind2=" ">
            <subfield code="a">Access copy available to the general public</subfield>
            <subfield code="f">Unrestricted</subfield>
        </datafield>
        <datafield tag="520" ind1="3" ind2=" ">
            <subfield code="a">La capilla de San Dionís de la catedral de Santa María de Tudela, situada en la galería oriental del claustro, fue desde el siglo xv la sede de la cofradía del mismo nombre. Ello motivó una serie de remodelaciones en la estructura arquitectónica para adecuarla a su nuevo uso. Este espacio fue dotado con diferentes bienes muebles, como una sillería gótica, tallada por Pedro de Navascués, y un retablo barroco con el busto del santo titular, que policromó en 1711 el pintor Juan Lucas de Olleta y albergó posteriormente otras tallas, como un Cristo crucificado, vinculado estilísticamente con piezas de autoría aragonesa.

San Dionís’s chapel of the cathedral of Tudela’s Santa Maria, placed in the eastern gallery of the cloister, was from the 15th century the seat of the confraternity of the same name. This motivated a series of renovations in the architectural structure to adapt it to its new use. This space that was also endowed with different furniture and objects, as Gothic choir stalls, carved by Pedro de Navascués, and a Baroque altarpiece with the bust of the patron saint, which was polychromed in 1711 by the painter Juan Lucas Olleta. It later received other carvings, such as a crucified Christ, linked stylistically with pieces of Aragonese authorship.</subfield>
        </datafield>
        <datafield tag="540" ind1=" " ind2=" ">
            <subfield code="9">info:eu-repo/semantics/openAccess</subfield>
            <subfield code="a">by-nc-nd</subfield>
            <subfield code="u">http://creativecommons.org/licenses/by-nc-nd/3.0/es/</subfield>
        </datafield>
        <datafield tag="655" ind1=" " ind2="4">
            <subfield code="a">info:eu-repo/semantics/article</subfield>
            <subfield code="v">info:eu-repo/semantics/publishedVersion</subfield>
        </datafield>
        <datafield tag="710" ind1="2" ind2=" ">
            <subfield code="1">3007</subfield>
            <subfield code="2">465</subfield>
            <subfield code="a">Universidad de Zaragoza</subfield>
            <subfield code="b">Departamento de Historia del Arte</subfield>
            <subfield code="c">Historia del Arte</subfield>
        </datafield>
        <datafield tag="773" ind1=" " ind2=" ">
            <subfield code="g">265 (2016), 611-640</subfield>
            <subfield code="p">Prínc. Viana</subfield>
            <subfield code="t">Príncipe de Viana</subfield>
            <subfield code="x">0032-8472</subfield>
        </datafield>
        <datafield tag="856" ind1="4" ind2="1">
            <subfield code="u">https://dialnet.unirioja.es/descarga/articulo/5841670.pdf</subfield>
            <subfield code="z">Texto completo de la revista</subfield>
        </datafield>
        <datafield tag="856" ind1="4" ind2=" ">
            <subfield code="s">1492056</subfield>
            <subfield code="u">http://zaguan.unizar.es/record/61839/files/texto_completo.pdf</subfield>
            <subfield code="y">Versión publicada</subfield>
        </datafield>
        <datafield tag="856" ind1="4" ind2=" ">
            <subfield code="s">66772</subfield>
            <subfield code="u">http://zaguan.unizar.es/record/61839/files/texto_completo.jpg?subformat=icon</subfield>
            <subfield code="x">icon</subfield>
            <subfield code="y">Versión publicada</subfield>
        </datafield>
        <datafield tag="909" ind1="C" ind2="O">
            <subfield code="o">oai:zaguan.unizar.es:61839</subfield>
            <subfield code="p">articulos</subfield>
            <subfield code="p">driver</subfield>
        </datafield>
        <datafield tag="951" ind1=" " ind2=" ">
            <subfield code="a">2017-07-13-11:12:21</subfield>
        </datafield>
        <datafield tag="980" ind1=" " ind2=" ">
            <subfield code="a">ARTICLE</subfield>
        </datafield>
    </record>

    
</collection>